Textos autobiográficos / (Record no. 178793)

MARC details
000 -LEADER
campo de control de longitud fija 01486nam a2200349 i 4500
001 - NÚMERO DE CONTROL
campo de control 178793
003 - IDENTIFICADOR DE NÚMERO DE CONTROL
campo de control ES-MaACL
005 - FECHA Y HORA DE LA ÚLTIMA TRANSACCIÓN
campo de control 20230906220614.0
008 - DATOS DE LONGITUD FIJA--INFORMACIÓN GENERAL
campo de control de longitud fija 110629s2003 sp ao o |||| |aspa d
020 ## - NÚMERO INTERNACIONAL ESTÁNDAR DEL LIBRO
Número Internacional Estándar del Libro 84-233-3569-0 (v. 1)
080 ## - NÚMERO DE LA CLASIFICACIÓN DECIMAL UNIVERSAL
Número de la Clasificación Decimal Universal 929:7 Dalí, Salvador
100 1# - ENTRADA PRINCIPAL--NOMBRE DE PERSONA
Nombre de persona Dalí, Salvador.
9 (RLIN) 42483
245 10 - MENCIÓN DEL TÍTULO
Título Textos autobiográficos /
Mención de responsabilidad, etc. Salvador Dalí.
250 ## - MENCION DE EDICION
Mención de edición 1ª ed.
260 ## - PUBLICACIÓN, DISTRIBUCIÓN, ETC.
Lugar de publicación, distribución, etc. Barcelona :
Nombre del editor, distribuidor, etc. Destino,
Fecha de publicación, distribución, etc. 2003.
300 ## - DESCRIPCIÓN FÍSICA
Extensión 2 v. :
Otras características físicas il., fot. ;
Dimensiones 18 cm.
490 1# - MENCIÓN DE SERIE
Mención de serie Obra literaria completa ;
Designación de volumen o secuencia 1-2
500 ## - NOTA GENERAL
Nota general Cronología: (v. 2; p. [721]-749)
500 ## - NOTA GENERAL
Nota general Índices.
505 8# - NOTA DE CONTENIDO CON FORMATO
Nota de contenido con formato Contiene: 1 ;
Título Un diario : 1919-1920 ;
-- La vida secreta de Salvador Dalí ;
-- Diario de un genio /
Mención de responsabilidad edición y prólogo de Fèlix Fanés (1290 p.) - 2. --
Título Las pasiones según Dalí /
Mención de responsabilidad (en colaboración con Louis Pauwels). --
Título Confesiones inconfesables /
Mención de responsabilidad (en colaboración con André Parinaud); edición y prólogo de Montse Aguer (814 p.)
594 ## - Nota al título y mención de responsabilidad
Nota al título y mención de responsabilidad En port.: Fundación Gala-Salvador Dalí, Sociedad Estatal de Conmemoraciones Culturales.
597 ## - NOTA DE DESCRIPCIÓN FÍSICA
NOTA DE DESCRIPCIÓN FÍSICA Guardados en estuche.
600 17 - PUNTO DE ACCESO ADICIONAL DE MATERIA--NOMBRE DE PERSONA
Nombre de persona Dalí, Salvador.
9 (RLIN) 42483
700 1# - ENTRADA AGREGADA--NOMBRE PERSONAL
Nombre de persona Fanés, Fèlix.
9 (RLIN) 147279
700 1# - ENTRADA AGREGADA--NOMBRE PERSONAL
Nombre de persona Aguer, Montse.
9 (RLIN) 147280
700 1# - ENTRADA AGREGADA--NOMBRE PERSONAL
Nombre de persona Pauwels, Louis.
9 (RLIN) 89674
700 1# - ENTRADA AGREGADA--NOMBRE PERSONAL
Nombre de persona Parinaud, André.
9 (RLIN) 139651
710 2# - ENTRADA AGREGADA--NOMBRE DE ENTIDAD CORPORATIVA
Nombre de entidad corporativa o nombre de jurisdicción como elemento de entrada Fundación Gala-Dalí.
9 (RLIN) 143642
830 0# - PUNTO DE ACCESO ADICIONAL DE SERIE-TÍTULO UNIFORME
Título uniforme Obra literaria completa ;
Designación de volumen o secuencia 1-2
9 (RLIN) 191031
852 ## - LOCALIZACIÓN
Ubicación ES-MaACL
Número de control de estantería P-2003
Nota libre - Enc. tela malva
Holdings
Estatus retirado Estado de pérdida Estado de daño No para préstamo Biblioteca de origen Biblioteca actual Ubicación en estantería Fecha de adquisición Fuente de adquisición Total de préstamos Signatura topográfica completa Código de barras Visto por última vez Precio de reemplazo Tipo de ítem Koha
        Biblioteca del Ateneo de Madrid Biblioteca del Ateneo de Madrid Depósito 2 29/06/2011     P-2003 1187808 23/02/2023 23/02/2023 Libro impreso